| 000 | 01215nam a2200349 c 4500 | ||
|---|---|---|---|
| 999 |
_c190293 _d190293 |
||
| 003 | BLK | ||
| 005 | 20250717171218.0 | ||
| 008 | 180411b bul|||||r ||||||| ||bul|| | ||
| 010 | _aKNG00199428000 | ||
| 020 | _a978-619-90775-0-4 | ||
| 040 | _aBLK | ||
| 041 |
_aBUL _cBUL |
||
| 072 | 7 |
_2bullib _aН83 _xЧужда художествена литература Н |
|
| 080 |
_aБългарска литература _b821.163.2 _x-31 _z821.163.2-31 |
||
| 100 | 1 |
_aДе Мео, Розмари _eпърви автор _9345114 |
|
| 139 |
_aДе Мео, Розмари _bД 30 |
||
| 245 | 1 | 0 |
_aСтопанката на Господ _bСказание и требник на бълг. нар. вяра _cРозмари Де Мео. |
| 250 | _a2. изд. | ||
| 257 | _aBGR | ||
| 260 |
_bНаричане _c2016 |
||
| 300 |
_a336 с. _c20 см |
||
| 380 | _aX | ||
| 500 | _aБез сведение за 1. изд. | ||
| 653 | _aромани | ||
| 659 | _aН | ||
| 852 | _aЦб 284126 | ||
| 942 |
_cKNG _n0 _0263 _s1 |
||
| 944 |
_aCR _c27.01.2017 _lСилвия Димитрова _k30538 |
||
| 944 |
_aED _c19.07.2017 _lф / _kЛюдмила_Стоянова |
||
| 999 | _d190293 | ||
| 999 | _d190293 | ||